000 03614nam a22003137i 4500
001 TCPA 40
003 gtcocun
005 20250911180055.0
006 a||||gr|||| 00| 0
008 250911b2016 gt ||||| m||| 00| 0 eng d
040 _agtcocun
_bSPA
_cgtcocun
_eRDA
041 _aSPA
084 _0TCPA 40
100 _aYalibat Tiul, Eunice Abigail
_eAutor
245 _aInforme final del Ejercicio Profesional Supervisado, realizado en la empresa Transportes Monja Blanca, S.A. Cobán, Alta Verapaz/
_cEunice Abigail Yalibat Tiul
_hImpreso
264 _aCobán, Alta Verapaz:
_bUniversidad de San Carlos de Guatemala, Centro Universitario del Norte, Licenciatura en Contaduría Pública y Auditoría.
_c2016
300 _a51 p.:
_bIlustraciones, gráficas.
_c28 cm; PDF
336 _2rdacontenido
_aTexto
_btxt
337 _2rdamedio
_aComputadora
_bn
338 _2rdasoporte
_aCódigo en línea
_bcr
502 _e.
502 _aTesis de grado
_bLicenciatura en Contaduría Pública y Auditoría.
_cUniversidad de San Carlos de Guatemala, Centro Universitario del Norte, Licenciatura en Contaduría Pública y Auditoría.
_d2016
_oTCPA 40
520 1 4 _aLa Universidad de San Carlos de Guatemala, a través del Centro Universitario del Norte y la carrera de Contaduría Pública y Auditoria, desarrolla el Ejercicio Profesional Supervisado que se llevó a cabo en la empresa Transportes Monja Blanca, S.A., según lo detectado en la fase de diagnóstico, carece de controles contables y deficiencia en los controles internos; los hallazgos una vez jerarquizados, se priorizaron para desarrollar las respectivas propuestas de solución. La primera actividad fue la realización de una auditoria de propiedad, planta y equipo esto derivada de la falta de control en las adiciones y bajas de bienes de la entidad dentro del auxiliar de activos fijos, que provoca la publicación de cifras erróneas en los estados financieros y por otro lado se desaprovecha los beneficios que se obtendrían al depreciar los bienes. La segunda intervención fue la actualización de cuentas por pagar, con el fin de contribuir con la empresa a tener datos reales en sus estados financieros, de cada uno de los adeudos a favor de sus proveedores. Toda vez que el saldo que reportan en la contabilidad no coincide con el que manejan los proveedores de bienes o entidades que prestan algún servicio a la organización. La tercera intervención corresponde a la elaboración del presupuesto, actividad pertinente planteada para llevar el control en los ingresos y egresos que tienen los encargados de cada área y evitar que se hagan compras que no son necesarias ni oportunas. Además que el control presupuestario generará datos históricos de la empresa para comparar los resultados en un análisis de serie de tiempos. Con estas actividades se contribuyó al fortalecimiento del control interno de las operaciones contables, tributarias y financieras, por lo cual se recomienda a la empresa, que mantenga sus registros contables actualizados para evitar información limitada de la situación financiera, ajustes y auditorias por parte de la Superintendencia de Administración Tributaria (SAT).
650 1 4 _2LEMB
_aCobán, Alta Verapaz
_xpropiedad
_xplanta y equipo
_xproveedorees
_xcuentas por pagar
_xpresupuesto
_xdocumentos por pagar
700 _aLic. Miguel Alberto Klug Caal
_eAsesor
856 _uhttps://drive.google.com/file/d/1g_iVrWpo55VWvZM0FHnzRSX0_t9wbmB9/view?usp=sharing
_yPDF
_zUn ejemplar en línea.
942 _2ddc
_cTES
_iTCPA_40
_kClasificación
_n0
_6TCPA__40
999 _c1802
_d1802